<?xml version="1.0" encoding="UTF-8"?>
<record
    xmlns:xsi="http://www.w3.org/2001/XMLSchema-instance"
    xsi:schemaLocation="http://www.loc.gov/MARC21/slim http://www.loc.gov/standards/marcxml/schema/MARC21slim.xsd"
    xmlns="http://www.loc.gov/MARC21/slim">

  <leader>00682nam a22002297a 4500</leader>
  <controlfield tag="005">20250506121145.0</controlfield>
  <controlfield tag="008">250506b        |||||||| |||| 00| 0 eng d</controlfield>
  <datafield tag="037" ind1=" " ind2=" ">
    <subfield code="c">TB</subfield>
  </datafield>
  <datafield tag="040" ind1=" " ind2=" ">
    <subfield code="a">LCT</subfield>
    <subfield code="c">LCT</subfield>
  </datafield>
  <datafield tag="041" ind1=" " ind2=" ">
    <subfield code="2">eng</subfield>
    <subfield code="a">eng</subfield>
    <subfield code="h">eng</subfield>
  </datafield>
  <datafield tag="084" ind1=" " ind2=" ">
    <subfield code="a">Z,181  Q15</subfield>
  </datafield>
  <datafield tag="100" ind1=" " ind2=" ">
    <subfield code="a">Singh, Avtar </subfield>
  </datafield>
  <datafield tag="245" ind1=" " ind2=" ">
    <subfield code="a">Avtar Singh's Company Law/</subfield>
  </datafield>
  <datafield tag="250" ind1=" " ind2=" ">
    <subfield code="a">16th ed. </subfield>
  </datafield>
  <datafield tag="260" ind1=" " ind2=" ">
    <subfield code="a">Lucknow:</subfield>
    <subfield code="b">Eastern Book Company,</subfield>
    <subfield code="c">2015</subfield>
  </datafield>
  <datafield tag="300" ind1=" " ind2=" ">
    <subfield code="a">cxliv, 783p.</subfield>
  </datafield>
  <datafield tag="650" ind1=" " ind2=" ">
    <subfield code="a">company law</subfield>
  </datafield>
  <datafield tag="650" ind1=" " ind2=" ">
    <subfield code="a">Borrowing, Lending, Investments and Contracts</subfield>
    <subfield code="9">754405</subfield>
  </datafield>
  <datafield tag="650" ind1=" " ind2=" ">
    <subfield code="a">Prevention of Oppression and Mismanagement .</subfield>
    <subfield code="9">754406</subfield>
  </datafield>
  <datafield tag="650" ind1=" " ind2=" ">
    <subfield code="a">Winding Up</subfield>
  </datafield>
  <datafield tag="942" ind1=" " ind2=" ">
    <subfield code="2">CC</subfield>
    <subfield code="c">TB</subfield>
    <subfield code="h">Z,181  Q15</subfield>
    <subfield code="n">0</subfield>
  </datafield>
  <datafield tag="999" ind1=" " ind2=" ">
    <subfield code="c">1311814</subfield>
    <subfield code="d">1311814</subfield>
  </datafield>
  <datafield tag="952" ind1=" " ind2=" ">
    <subfield code="0">0</subfield>
    <subfield code="1">0</subfield>
    <subfield code="2">CC</subfield>
    <subfield code="4">0</subfield>
    <subfield code="7">0</subfield>
    <subfield code="8">GEN</subfield>
    <subfield code="a">LCT</subfield>
    <subfield code="b">LCT</subfield>
    <subfield code="d">2015-01-19</subfield>
    <subfield code="e">Prolific Publication</subfield>
    <subfield code="g">545.00</subfield>
    <subfield code="i">030/19.01.2015</subfield>
    <subfield code="l">0</subfield>
    <subfield code="o">LT0025158</subfield>
    <subfield code="p">Z,181  Q15</subfield>
    <subfield code="r">2025-05-06 12:13:24</subfield>
    <subfield code="w">2025-05-06</subfield>
    <subfield code="y">TB</subfield>
  </datafield>
  <datafield tag="952" ind1=" " ind2=" ">
    <subfield code="0">0</subfield>
    <subfield code="1">0</subfield>
    <subfield code="2">CC</subfield>
    <subfield code="4">0</subfield>
    <subfield code="7">0</subfield>
    <subfield code="8">GEN</subfield>
    <subfield code="a">LCT</subfield>
    <subfield code="b">LCT</subfield>
    <subfield code="d">2015-01-19</subfield>
    <subfield code="e">Prolific Publication</subfield>
    <subfield code="g">545.00</subfield>
    <subfield code="i">030/19.01.2015</subfield>
    <subfield code="l">0</subfield>
    <subfield code="o">LT0025159</subfield>
    <subfield code="p">Z,181  Q16</subfield>
    <subfield code="r">2025-05-06 12:13:24</subfield>
    <subfield code="w">2025-05-06</subfield>
    <subfield code="y">TB</subfield>
  </datafield>
  <datafield tag="952" ind1=" " ind2=" ">
    <subfield code="0">0</subfield>
    <subfield code="1">0</subfield>
    <subfield code="2">CC</subfield>
    <subfield code="4">0</subfield>
    <subfield code="7">0</subfield>
    <subfield code="8">GEN</subfield>
    <subfield code="a">LCT</subfield>
    <subfield code="b">LCT</subfield>
    <subfield code="d">2015-01-19</subfield>
    <subfield code="e">Prolific Publication</subfield>
    <subfield code="g">545.00</subfield>
    <subfield code="i">030/19.01.2015</subfield>
    <subfield code="l">0</subfield>
    <subfield code="o">LT0025160</subfield>
    <subfield code="p">Z,181  Q17</subfield>
    <subfield code="r">2025-05-06 12:13:24</subfield>
    <subfield code="w">2025-05-06</subfield>
    <subfield code="y">TB</subfield>
  </datafield>
  <datafield tag="952" ind1=" " ind2=" ">
    <subfield code="0">0</subfield>
    <subfield code="1">0</subfield>
    <subfield code="2">CC</subfield>
    <subfield code="4">0</subfield>
    <subfield code="7">0</subfield>
    <subfield code="8">GEN</subfield>
    <subfield code="a">LCT</subfield>
    <subfield code="b">LCT</subfield>
    <subfield code="d">2015-01-19</subfield>
    <subfield code="e">Prolific Publication</subfield>
    <subfield code="g">545.00</subfield>
    <subfield code="i">030/19.01.2015</subfield>
    <subfield code="l">0</subfield>
    <subfield code="o">LT0025161</subfield>
    <subfield code="p">Z,181  Q18</subfield>
    <subfield code="r">2025-05-06 12:13:24</subfield>
    <subfield code="w">2025-05-06</subfield>
    <subfield code="y">TB</subfield>
  </datafield>
  <datafield tag="952" ind1=" " ind2=" ">
    <subfield code="0">0</subfield>
    <subfield code="1">0</subfield>
    <subfield code="2">CC</subfield>
    <subfield code="4">0</subfield>
    <subfield code="7">0</subfield>
    <subfield code="8">GEN</subfield>
    <subfield code="a">LCT</subfield>
    <subfield code="b">LCT</subfield>
    <subfield code="d">2015-01-19</subfield>
    <subfield code="e">Prolific Publication</subfield>
    <subfield code="g">545.00</subfield>
    <subfield code="i">030/19.01.2015</subfield>
    <subfield code="l">0</subfield>
    <subfield code="o">LT0025162</subfield>
    <subfield code="p">Z,181  Q19</subfield>
    <subfield code="r">2025-05-06 12:13:24</subfield>
    <subfield code="w">2025-05-06</subfield>
    <subfield code="y">TB</subfield>
  </datafield>
  <datafield tag="952" ind1=" " ind2=" ">
    <subfield code="0">0</subfield>
    <subfield code="1">0</subfield>
    <subfield code="2">CC</subfield>
    <subfield code="4">0</subfield>
    <subfield code="7">0</subfield>
    <subfield code="8">GEN</subfield>
    <subfield code="a">LCT</subfield>
    <subfield code="b">LCT</subfield>
    <subfield code="d">2015-01-19</subfield>
    <subfield code="e">Prolific Publication</subfield>
    <subfield code="g">545.00</subfield>
    <subfield code="i">030/19.01.2015</subfield>
    <subfield code="l">0</subfield>
    <subfield code="o">LT0025163</subfield>
    <subfield code="p">Z,181  Q20</subfield>
    <subfield code="r">2025-05-06 12:13:24</subfield>
    <subfield code="w">2025-05-06</subfield>
    <subfield code="y">TB</subfield>
  </datafield>
  <datafield tag="952" ind1=" " ind2=" ">
    <subfield code="0">0</subfield>
    <subfield code="1">0</subfield>
    <subfield code="2">CC</subfield>
    <subfield code="4">0</subfield>
    <subfield code="7">0</subfield>
    <subfield code="8">GEN</subfield>
    <subfield code="a">LCT</subfield>
    <subfield code="b">LCT</subfield>
    <subfield code="d">2015-01-19</subfield>
    <subfield code="e">Prolific Publication</subfield>
    <subfield code="g">545.00</subfield>
    <subfield code="i">030/19.01.2015</subfield>
    <subfield code="l">0</subfield>
    <subfield code="o">LT0025164</subfield>
    <subfield code="p">Z,181  Q21</subfield>
    <subfield code="r">2025-05-06 12:13:24</subfield>
    <subfield code="w">2025-05-06</subfield>
    <subfield code="y">TB</subfield>
  </datafield>
  <datafield tag="952" ind1=" " ind2=" ">
    <subfield code="0">0</subfield>
    <subfield code="1">0</subfield>
    <subfield code="2">CC</subfield>
    <subfield code="4">0</subfield>
    <subfield code="7">0</subfield>
    <subfield code="8">GEN</subfield>
    <subfield code="a">LCT</subfield>
    <subfield code="b">LCT</subfield>
    <subfield code="d">2015-01-19</subfield>
    <subfield code="e">Prolific Publication</subfield>
    <subfield code="g">545.00</subfield>
    <subfield code="i">030/19.01.2015</subfield>
    <subfield code="l">0</subfield>
    <subfield code="o">LT0025165</subfield>
    <subfield code="p">Z,181  Q22</subfield>
    <subfield code="r">2025-05-06 12:13:24</subfield>
    <subfield code="w">2025-05-06</subfield>
    <subfield code="y">TB</subfield>
  </datafield>
  <datafield tag="952" ind1=" " ind2=" ">
    <subfield code="0">0</subfield>
    <subfield code="1">0</subfield>
    <subfield code="2">CC</subfield>
    <subfield code="4">0</subfield>
    <subfield code="7">0</subfield>
    <subfield code="8">GEN</subfield>
    <subfield code="a">LCT</subfield>
    <subfield code="b">LCT</subfield>
    <subfield code="d">2015-01-19</subfield>
    <subfield code="e">Prolific Publication</subfield>
    <subfield code="g">545.00</subfield>
    <subfield code="i">030/19.01.2015</subfield>
    <subfield code="l">0</subfield>
    <subfield code="o">LT0025166</subfield>
    <subfield code="p">Z,181  Q23</subfield>
    <subfield code="r">2025-05-06 12:13:24</subfield>
    <subfield code="w">2025-05-06</subfield>
    <subfield code="y">TB</subfield>
  </datafield>
  <datafield tag="952" ind1=" " ind2=" ">
    <subfield code="0">0</subfield>
    <subfield code="1">0</subfield>
    <subfield code="2">CC</subfield>
    <subfield code="4">0</subfield>
    <subfield code="7">0</subfield>
    <subfield code="8">GEN</subfield>
    <subfield code="a">LCT</subfield>
    <subfield code="b">LCT</subfield>
    <subfield code="d">2015-01-19</subfield>
    <subfield code="e">Prolific Publication</subfield>
    <subfield code="g">545.00</subfield>
    <subfield code="i">030/19.01.2015</subfield>
    <subfield code="l">0</subfield>
    <subfield code="o">LT0025167</subfield>
    <subfield code="p">Z,181  Q24</subfield>
    <subfield code="r">2025-05-06 12:13:24</subfield>
    <subfield code="w">2025-05-06</subfield>
    <subfield code="y">TB</subfield>
  </datafield>
</record>
